| 000 -CABECERA |
| Campo de control de longitud fija |
00882nam a22002297a 4500 |
| 005 - FECHA Y HORA DE LA ÚLTIMA TRANSACCIÓN |
| Campo de control |
20211130111116.0 |
| 008 - CAMPO FIJO DE DESCRIPCIÓN FIJA--INFORMACIÓN GENERAL |
| Campo de control de longitud fija |
211129b ||||| |||| 00| 0 eng d |
| 040 ## - FUENTE DE CATALOGACIÓN |
| Agencia de catalogación original |
CDMR |
| 245 ## - MENCIÓN DE TÍTULO |
| Título |
Romper el silencio |
| Parte restante del título |
: 22 gritos contra la censura |
| Mención de responsabilidad, etc. |
/ Editores: Emiliano Ruiz Parra, Daniela Rea, Alejandro Almazán |
| 260 ## - PUBLICACIÓN, DISTRIBUCIÓN, ETC (PIE DE IMPRENTA) |
| Lugar de publicación, distribución, etc. |
Ciudad de México: |
| Nombre del editor, distribuidor, etc. |
Brigada Cultural, |
| Fecha de publicación, distribución, etc. |
2017 |
| 300 ## - DESCRIPCIÓN FÍSICA |
| Extensión |
Recurs en línia (272 pàgines) |
| 650 #0 - ASIENTO SECUNDARIO DE MATERIA--TÉRMINO DE MATERIA |
| 9 (RLIN) |
4082 |
| Nombre de materia o nombre geográfico como elemento de entrada |
Periodisme |
| Subdivisión general |
Censura |
| Subdivisión geográfica |
Mèxic |
| 650 #0 - ASIENTO SECUNDARIO DE MATERIA--TÉRMINO DE MATERIA |
| 9 (RLIN) |
3073 |
| Nombre de materia o nombre geográfico como elemento de entrada |
Llibertat d'expressió |
| Subdivisión geográfica |
Mèxic |
| 650 #0 - ASIENTO SECUNDARIO DE MATERIA--TÉRMINO DE MATERIA |
| 9 (RLIN) |
1582 |
| Nombre de materia o nombre geográfico como elemento de entrada |
Llibertat d'impremta |
| Subdivisión geográfica |
Mèxic |
| 650 #0 - ASIENTO SECUNDARIO DE MATERIA--TÉRMINO DE MATERIA |
| 9 (RLIN) |
4742 |
| Nombre de materia o nombre geográfico como elemento de entrada |
Narcoterrorisme |
| Subdivisión geográfica |
Mèxic |
| 655 #0 - TÉRMINO DE INDEXACIÓN--GÉNERO/FORMA |
| Datos o término principal de género/forma |
Llibres electrònics |
| 700 ## - ENCABEZAMIENTO SECUNDARIO--NOMBRE PERSONAL |
| 9 (RLIN) |
4739 |
| Nombre de persona |
Ruiz Parra, Emiliano |
| 700 ## - ENCABEZAMIENTO SECUNDARIO--NOMBRE PERSONAL |
| 9 (RLIN) |
4740 |
| Nombre de persona |
Rea, Daniela |
| 700 ## - ENCABEZAMIENTO SECUNDARIO--NOMBRE PERSONAL |
| 9 (RLIN) |
4741 |
| Nombre de persona |
Almazán, Alejandro |
| 856 ## - ACCESO ELECTRÓNICO |
| Identificador uniforme del recurso URI |
<a href="http://www.brigadaparaleerenlibertad.com/libro/romper-el-silencio">http://www.brigadaparaleerenlibertad.com/libro/romper-el-silencio</a> |
| Nota Pública |
Accés lliure |
| 942 ## - ELEMENTOS KOHA |
| Fuente de clasificación o esquema de ordenación en estanterías |
|
| Koha tipo de item |
Llibres electrònics |